000 00754nam a2200241 i 4500
001 53995
003 ES-MaACL
005 20240418135237.0
007 t|
008 031120s2002 sp f |||| | spa d
020 _a84-9740-024-0
080 _a087.5:82
130 0 _aPoema del Cid.
_9123904
245 1 3 _aEl Cid Campeador /
_cedición a cargo de Francisco López Estrada y Jorge Roselló Verdeguer.
260 _aMadrid :
_bCastalia,
_c[2002]
300 _a149 p., [3] p. de lám ;
_c19 cm.
490 1 _aCastalia prima ;
_v20
700 0 _aLópez Estrada, Francisco,
_d1918-2010
_973627
700 1 _aRoselló Verdeguer, Jorge.
_999700
830 0 _aCastalia prima ;
_v20
_9182481
852 _aES-MaACL
_jL-26680
999 _c53995
_d53995